| 000 | 00340nam a2200133Ia 4500 | ||
|---|---|---|---|
| 005 | 20251222143240.0 | ||
| 008 | 251222s9999||||xx |||||||||||||| ||spa|| | ||
| 020 | _a970-686-285-4 | ||
| 082 | _a004.01/F75 | ||
| 100 | _aForouzan A., Behrouz | ||
| 245 | 0 | _aIntroducción a la Ciencia de la Computación: | |
| 264 | _bThomson | ||
| 942 | _cLIB | ||
| 999 |
_c14561 _d14561 |
||